Cuaderno de novios (Registro nro. 1863)

Detalles MARC
000 -CABECERA
Longitud fija campo de control 00851nam a2200265Ia 4500
005 - • FECHA Y HORA DE LA ÚLTIMA TRANSACCIÓN
Fecha y hora de la última transacción 20220316235710.0
008 - • CÓDIGOS DE INFORMACIÓN DE LONGITUD FIJA
Códigos de información de longitud fija 121119s2001 ck a gr 000 f spa
020 ## - • NÚMERO INTERNACIONAL NORMALIZADO PARA LIBROS
Número Internacional Normalizado para Libros (ISBN) 9580462631
041 0# - • CÓDIGO DE LENGUA
Código de lengua del texto/banda sonora o título independiente spa
040 ## - FUENTE DE LA CATALOGACIÓN
Centro catalogador de origen CO-BoRNBP
Lengua de catalogación spa
Normas de descripción rda
Centro transcriptor CO-BoRNBP
084 ## - • Clasificación Local Alfanúmerica PNLB
Número de clasificación N CAB6
100 1# - • PUNTO DE ACCESO PRINCIPAL-NOMBRE DE PERSONA
Nombre de persona Caballero, Beatriz
245 10 - • TITULO PROPIAMENTE DICHO
Título Cuaderno de novios
Mención de responsabilidad, etc. Beatriz Caballero ; ilustraciones de Daniela Violi
250 ## - • MENCIÓN DE EDICIÓN
Mención de edición Primera edición
264 ## - PRODUCCIÓN, PUBLICACIÓN , DISTRIBUCIÓN, FABRICACIÓN Y COPYRIGHT
Lugar de producción, publicación, distribución, fabricación Bogotá
Nombre del productor, editor, distribuidor, fabricante Grupo Editorial Norma
Fecha de de producción, publicación, distribución, fabricación o copyright 2001
300 ## - • DESCRIPCIÓN FÍSICA
Extensión 125 páginas
Otras características físicas ilustraciones
Dimensiones 19 cm
336 ## - TIPO DE CONTENIDO
Término de tipo de contenido texto
Código de tipo de contenido txt
Fuente rdacontent
337 ## - TIPO DE MEDIO
Nombre del tipo de medio sin mediación
Código del tipo de medio n
Fuente rdamedia
338 ## - TIPO DE SOPORTE
Nombre del tipo de soporte volumen
Código del tipo de soporte nc
Fuente rdacarrier
650 14 - • PUNTO DE ACCESO ADICIONAL DE MATERIA - TÉRMINO DE MATERIA
Término de materia o nombre geográfico como elemento inicial Novela infantil colombiana
Fuente del encabezamiento o término LEMB
650 14 - • PUNTO DE ACCESO ADICIONAL DE MATERIA - TÉRMINO DE MATERIA
Término de materia o nombre geográfico como elemento inicial Literatura infantil colombiana
Fuente del encabezamiento o término LEMB
650 14 - • PUNTO DE ACCESO ADICIONAL DE MATERIA - TÉRMINO DE MATERIA
Término de materia o nombre geográfico como elemento inicial Novela amorosa
Fuente del encabezamiento o término LEMB
700 1# - • PUNTO DE ACCESO ADICIONAL - NOMBRE DE PERSONA
Nombre de persona Violi, Daniela
Término indicativo de función ilustrador
942 ## - ENTRADA DE ELEMENTOS AGREGADOS (KOHA)
Fuente de clasificaión o esquema
Koha [por defecto] tipo de item Libro Literatura
Existencias
Perdido Fuente de clasificación o esquema Estado Físico No para préstamo Localización permanente Localización actual Localización en estanterías Fecha adquisición Signatura completa Código de barras Fecha última consulta Número de copia Fecha del precio de reemplazo Tipo de item de Koha Forma de adquisición Préstamos totales
  Dewey Decimal Classification     Biblioteca Pública Cumaral - Alvaro Garzon Torres Biblioteca Pública Cumaral - Alvaro Garzon Torres Literatura 07/10/2024 NCAB6 CUM0964 07/10/2024 Ej.1 07/10/2024 Libro Literatura Colección General  
  Dewey Decimal Classification     Biblioteca Pública Cumaral - Alvaro Garzon Torres Biblioteca Pública Cumaral - Alvaro Garzon Torres Literatura 07/10/2024 NCAB6 CUM00964 07/10/2024 Ej.1 07/10/2024 Libro Literatura Colección General  
  Dewey Decimal Classification     Biblioteca Pública Puerto Lleras Biblioteca Pública Puerto Lleras Sala Infantil 10/13/2023 N CAB6 PL000244 10/13/2023 Ej.1 10/13/2023 Libro Literatura Infantil  
  Dewey Decimal Classification     Biblioteca Pública San Carlos de Guaroa - Eduardo Carranza Biblioteca Pública San Carlos de Guaroa - Eduardo Carranza Sala Infantil 06/28/2023 N CAB6 SG00660 06/28/2023 Ej.1 06/28/2023 Libro Literatura Infantil  
  Dewey Decimal Classification     Biblioteca Pública El Castillo - Alfonso Meneses Biblioteca Pública El Castillo - Alfonso Meneses Sala Infantil 08/22/2023 N CAB6 EC00285 08/22/2023 Ej.1 08/22/2023 Libro Literatura Infantil  
  Dewey Decimal Classification     Biblioteca Pública Acacias - Carlos María Hernández Rojas Biblioteca Pública Acacias - Carlos María Hernández Rojas Sala Infantil 10/13/2023 N CAB6 ACA17907 10/13/2023 Ej.1 10/13/2023 Libro Literatura Infantil  
  Dewey Decimal Classification     Biblioteca Pública Guamal Biblioteca Pública Guamal Sala Infantil 02/22/2023 N CAB6 GUA001674 02/22/2023 Ej.1 02/22/2023 Libro Infantil Infantil  
  Dewey Decimal Classification     Biblioteca Pública La Macarena Biblioteca Pública La Macarena Sala Infantil 07/14/2025 N CAB6 LM02473 07/14/2025 Ej.1 07/14/2025 Libro Literatura Infantil  
  Dewey Decimal Classification     Biblioteca Pública Mapiripan Biblioteca Pública Mapiripan Sala Infantil 01/24/2024 N CAB6 MAP00003535 01/24/2024 Ej.1 01/24/2024 Libro Literatura Infantil  
  Dewey Decimal Classification     Biblioteca Pública Puerto Rico Biblioteca Pública Puerto Rico Sala Infantil 12/05/2022 N CAB6 PR000001180 12/05/2022 Ej.1 12/05/2022 Libro Literatura    
  Dewey Decimal Classification     Biblioteca Pública Uribe - Reinerio Arenas Biblioteca Pública Uribe - Reinerio Arenas Sala Infantil 06/12/2025 N CAB6 URI02564 06/12/2025 Ej.1 06/12/2025 Libro Infantil Infantil  









Instituto Departamental de Cultura del Meta - Red Departamental de Bibliotecas Públicas del Meta.